| 000 | 00426pab a2200169 454500 | ||
|---|---|---|---|
| 008 | 180718b2004 xxu||||| |||| 00| 0 eng d | ||
| 100 | _aBhargava, Pushpa Mitra | ||
| 245 | _aRole of the state in the process of secularisation | ||
| 260 | _c2004 | ||
| 300 | _ap.5-6. | ||
| 362 | _aOct-Dec | ||
| 650 | _aSecularism - India | ||
| 650 | _aSecularism | ||
| 700 | _aChakrabarti, Chandana | ||
| 773 | _aAlpjan | ||
| 909 | _a65076 | ||
| 999 |
_c65076 _d65076 |
||